| 000 | 00727nam a2200241Ia 4500 | ||
|---|---|---|---|
| 003 | OSt | ||
| 005 | 20220927110344.0 | ||
| 006 | a|||||r|||| 00| 0 | ||
| 007 | ta | ||
| 008 | 220926b |||||||| |||| 00| 0 eng d | ||
| 024 | _a53320 | ||
| 037 | _cReports | ||
| 040 |
_aRTL _cRTL _beng |
||
| 041 |
_2eng _aeng |
||
| 082 | _a"X:93.2.N66t, K6" | ||
| 110 |
_a"India Government of,.... Dearness Allowance (commision)(chairman : B Gajendragadkar)" _9376528 |
||
| 245 | 0 | _aReport | |
| 260 | _c1966 | ||
| 650 | _aWages | ||
| 700 |
_a"India Government of,.... Dearness Allowance (commision)(chairman : B Gajendragadkar)" _9376529 |
||
| 942 |
_h"X:93.2.N66t, K6" _cCC |
||
| 999 |
_c695742 _d695742 |
||